00495nam a2200145 a 45000010005000000030009000050080041000140400028000550820016000831000025000992450150001242600051002743000010003256500014003356795CO-ViMGA141112s2004 ck r 000 u spa d aCO-ViMGAbspacCO-ViMGA04a303.34 M6771 aMotta, Paulo Roberto10aLa ciencia y el arte de ser dirigente : bun instrumento indispensable para el desarrollo personal y profesional de actuales y futuros dirigentes aSantafé de Bogotá : bTercer Mundo, c1997 a241 p14aLIDERAZGO